[Event "Kemerovo-ch1"]
[Site "Kemerovo"]
[Date "2009.02.11"]
[Round "7"]
[White "Silin, Oleg I"]
[Black "Starshinov, Mikhail M"]
[Result "0-1"]
[WhiteElo "1793"]
[BlackElo "2049"]
[PlyCount "60"]
[EventDate "2009.01.27"]
[EventType "tourn"]
[EventRounds "9"]
[EventCountry "RUS"]
[SourceTitle "EXT 2012"]
[Source "ChessBase"]
[SourceDate "2011.11.24"]
[SourceVersion "1"]
[SourceVersionDate "2011.11.24"]
[SourceQuality "1"]

1. d4 Nf6 2. c4 e6 3. Nf3 b6 4. Bg5 Be7 5. Nc3 Bb7 6. Nd2 d5 7. e3 0-0 8. Bxf6 Bxf6 9. cxd5 exd5 10. Bd3 c5 11. Ne2 Nd7 12. 0-0 Rc8 13. Qb1 g6 14. a4 Bg7 15. b4 c4 16. Bc2 Nf6 17. Ra3 Qe7 18. Rc3 Rfd8 19. Ng3 Bf8 20. b5 Qb4 21. Qa1 Qa5 22. Qb2 Bb4 23. Ne2 a6 24. Rb1 Bxc3 25. Nxc3 axb5 26. axb5 Ra8 27. f3 Qa3 28. Kf2 Qxb2 29. Rxb2 Kf8 30. g4 g5 0-1

[Event "Kemerovo-ch1"]
[Site "Kemerovo"]
[Date "2009.02.04"]
[Round "5"]
[White "Silin, Oleg I"]
[Black "Sergeev, Alexey"]
[Result "0-1"]
[WhiteElo "1793"]
[BlackElo "2197"]
[PlyCount "66"]
[EventDate "2009.01.27"]
[EventType "tourn"]
[EventRounds "9"]
[EventCountry "RUS"]
[SourceTitle "EXT 2012"]
[Source "ChessBase"]
[SourceDate "2011.11.24"]
[SourceVersion "1"]
[SourceVersionDate "2011.11.24"]
[SourceQuality "1"]

1. d4 Nf6 2. c4 c5 3. d5 b5 4. cxb5 a6 5. b6 Qxb6 6. Nc3 g6 7. e4 d6 8. Bc4 Bg7 9. h3 0-0 10. Nge2 a5 11. a4 Na6 12. f3 Bd7 13. 0-0 Rfb8 14. Ra3 Ra7 15. Qc2 Nb4 16. Qd1 e6 17. g4 h5 18. Kg2 Re8 19. g5 Nh7 20. h4 Nf8 21. f4 Bc8 22. Nb5 Rae7 23. Ng3 exd5 24. exd5 Bg4 25. Qb3 Nd7 26. Nc3 Bd4 27. Nb5 Re1 28. Bd2 Rxf1 29. Nxf1 Be2 30. Ne3 Bxe3 31. Bxe3 Rxe3 32. Qxe3 Bxc4 33. Qe8+ Nf8 0-1